00350nam a2200133Ia 4500008004100000041000800041082001500049100001400064245005300078250001400131260003300145300003100178365000700209240624s9999 xx 000 0 und d aeng a658.81 GUP aGUPTA S L aSALES AND DISTRIBUTION MANAGEMENT TEXT AND CASES a(2nd ed.) c2010aNew DelhibExcel Books axiv, : 814 : p. : cm. ; 28 cRS